| 000 | 01000nam a22002417a 4500 | ||
|---|---|---|---|
| 003 | OSt | ||
| 005 | 20250923091632.0 | ||
| 008 | 240301b ||||| |||| 00| 0 eng d | ||
| 040 | _c0 | ||
| 082 | _aDPer 621.317 Ie21 June 2022 v. 37 n. 6 | ||
| 100 |
_aXu, Xiahui. _eauthor. _953818 |
||
| 245 |
_aDesign of a reliable bidirectional solid-state circuit breaker for DC microgrids / _cXiahui Xu, Jiamin Ye, Yu Wang, Xiaorui Xu, Ziwei Lai, and Xueyi Wei. |
||
| 260 |
_aNew York ; _bThe Institute of Electrical and Electronics Engineers, Inc. , _cJune 2022. |
||
| 300 |
_aVolume 37, pages 7200-7217 : _billustration ; _c29 cm. |
||
| 500 | _aIEEE Transactions on Power Electronics, vol. 37, no. 6, pages 7200-7217, June 2022. | ||
| 700 |
_aXu, Xiahui. _eauthor. _953818 |
||
| 700 |
_aYe, Jiamin. _eauthor. _953819 |
||
| 700 |
_aWang, Yu. _eauthor. _953820 |
||
| 700 |
_aXu, Xiaorui. _eauthor. _953821 |
||
| 700 |
_aLai, Ziwei. _eauthor. _953822 |
||
| 700 |
_aWei, Xueyi. _eauthor. _953823 |
||
| 942 |
_2ddc _cPER |
||
| 999 |
_c19488 _d19488 |
||